1つの都府県内で完結するJR特急・新幹線 - Statistics

General Stats
  • This quiz has been taken 663 times
    211 since last reset
  • The average score is 14 of 25
Answer Stats
Answer 号数 区間 % Correct
こだま 4往復 小倉~博多
75%
つばめ 301号 川内~鹿児島中央
74%
しらゆき 全て 新潟~上越妙高/新井
67%
とき 480/481号 新潟~越後湯沢
67%
ソニック 101/102号 中津~大分
67%
にちりん 102号 佐伯~大分
66%
かもめ 101/102/103号 長崎~新大村
66%
かいおう 全て 博多~直方
61%
剣山 全て 徳島~阿波池田
60%
きりしま 81/82号 鹿児島中央~国分
60%
宇和海 全て 松山~宇和島
58%
つばさ 171号 山形~新庄
56%
はしだて 全て 京都~天橋立/久美浜
55%
まいづる 全て 京都~東舞鶴
55%
いしづち 106号 松山~新居浜
55%
あしずり 全て 高知~中村/宿毛
55%
ひゅうが 全て 延岡~南宮崎/宮崎空港
53%
能登かがり火 全て 金沢~和倉温泉
52%
きらめき 全て 博多~小倉/門司港
52%
きのさき 全て 京都~福知山
50%
あさま 699号 軽井沢~長野
49%
スーパーまつかぜ 3往復 米子~鳥取
44%
モーニングEXP松山 全て 松山~新居浜
34%
信州 全て 塩尻~長野
31%
あそぼーい! 全て 熊本~宮地
12%
No matching quizzes found
Score Distribution
Percent of People with Each Score
Percentile by Number Answered
Your Score History
You have not taken this quiz since the last reset